[Event "Titled Tuesday intern op 15th Nov Late"]
[Site "Chess.com INT"]
[Date "2022.11.15"]
[Round "5"]
[White "Adury, Anant"]
[Black "Shuvalova, Polina"]
[Result "0-1"]
[WhiteElo "2027"]
[BlackElo "2492"]
[PlyCount "120"]
[EventDate "2022.11.15"]
[EventType "swiss (blitz)"]
[EventRounds "11"]
[EventCountry "USA"]
[SourceTitle "CBM 211 Extra"]
[Source "ChessBase"]
[SourceDate "2023.01.31"]
[SourceVersion "1"]
[SourceVersionDate "2023.01.31"]
[SourceQuality "1"]

1. Nf3 Nf6 2. g3 d5 3. Bg2 g6 4. 0-0 Bg7 5. d3 0-0 6. Bf4 c5 7. Nc3 Nc6 8. Ne5 Be6 9. e4 d4 10. Ne2 Qb6 11. b3 Rac8 12. Nxc6 Qxc6 13. Be5 b5 14. a4 a6 15. axb5 axb5 16. b4 Rfd8 17. Nf4 Bg4 18. f3 Bd7 19. Bxf6 exf6 20. Nd5 Re8 21. Ra2 c4 22. f4 Be6 23. Qa1 f5 24. Ra6 Qb7 25. Ra7 Qb8 26. Ne7+ Rxe7 27. Rxe7 Qd6 28. Ra7 Qxb4 29. Ra8 Qf8 30. Rxc8 Qxc8 31. exf5 Bxf5 32. Rd1 Bg4 33. Rb1 cxd3 34. cxd3 Qc5 35. Qa8+ Bf8 36. Qd5 Qc2 37. Qxb5 Be2 38. Qb3 Qd2 39. Qb2 Qe3+ 40. Kh1 Bxd3 41. Rd1 Bg7 42. Qd2 Bc4 43. Qxe3 dxe3 44. Re1 Bd4 45. Bf3 Kg7 46. Kg2 h5 47. Be2 Bd5+ 48. Bf3 Bc4 49. Be2 Bd5+ 50. Bf3 Be6 51. Re2 Bc4 52. Re1 Kf6 53. Be2 Bd5+ 54. Bf3 Be6 55. Rd1 Bc5 56. Kf1 Bc4+ 57. Be2 Bb3 58. Rd3 Be6 59. Rc3 Bh3+ 60. Ke1 Bb4 0-1